000 00882cam a2200241 a 4500
001 000006194
005 20200929151953.0
008 920424s1986 sp 001 p spa
020 _a8400061837
040 _aDO-SdBNP
_cDLC
_dDLC
082 _a861.6
_bL869r
100 1 _aLorenzo de Blancas, Benedicto,
_d1920-
_917349
245 1 0 _aRegreso a la tierra /
_cBenedicto Lorenzo de Blancas.
260 _aZaragoza, España :
_bInstitución "Fernando el Católico",
_c1986.
300 _a52 p. ;
_c25 cm.
490 1 _a"San Jorge"
_vv. 46
490 1 _aPublicación de la Institución "Fernando el Católico
_vno. 1044
650 4 _aPoesía española
_9631
650 4 _aLiteratura española
_ySIGLO XXI
_94846
830 0 _a"San Jorge" ;
_vv. 46
_914363
830 0 _aPublicación de la Institución "Fernando el Católico" ;
_vno. 1044.
_913716
910 _aCatalogación por copia / LC
999 _c5989
_d5989